000 01009nam a22003017a 4500
001 4678
003 FISKH
005 20250801104358.0
008 240920b cb ||||| |||| 00| 0 eng d
020 _a0439456142
040 _aFISKH
_beng
_cFISKH
_dFISKH
050 _aSB363.B785
082 _2583.73
100 _aBulla, Robert Clyde
_d(1914–2007)
245 _aA tree is a plant /
_cby Clyde Robert Bulla illustrated by Stacey Schuett
250 _aFirst printing school in 2002
260 _aNew York :
_bScholastic,
_c2002.
300 _a35 pages :
_bColor illustrations ;
_c21cm
505 _aG
520 _aDid you know that a tree is the biggest plant that grows? How does it get the food it needs? Read and find out about a tree's life cycle through the seasons.
521 8 _a420L
_bLexile
521 8 _aG
_bRaz-Plus
650 _2Plants
_aScience
_vSeasons
650 _2Nature
_aTrees
_vApples
700 _aSchuett, Stacey
_dIllustrator
942 _2ddc
_cBK
_n0
999 _c4678
_d4678